Normal view
MARC view
- Bangar, K.M
Entry Personal Name
001 - CONTROL NUMBER
- control field: 25939
003 - CONTROL NUMBER IDENTIFIER
- control field: IN-BhIIT
005 - DATE AND TIME OF LATEST TRANSACTION
- control field: 20250402154358.0
008 - FIXED-LENGTH DATA ELEMENTS
- fixed length control field: 250402|| aca||aabn | a|a d
040 ## - CATALOGING SOURCE
- Original cataloging agency: IN-BhIIT
- Transcribing agency: IN-BhIIT
100 ## - HEADING--PERSONAL NAME
- Personal name: Bangar, K.M
670 ## - SOURCE DATA FOUND
- Source citation: Work cat.: (IN-BhIIT)14845: Bangar, K.M Author, Principals of engineering geology /, 2024.